Statistics for People Born in 1950 - picture quiz

Click here to take the quiz!

General Stats

  • This quiz has been taken 89 times
  • The average score is 8 of 16

Answer Stats

Answer% Correct
Stevie Wonder
89%
Mark Spitz
69%
Jay Leno
66%
Richard Branson
66%
Billy Ocean
65%
Bobby McFerrin
58%
David Cassidy
55%
Peter Gabriel
55%
Karen Carpenter
53%
William H Macy
52%
William Hurt
39%
Agnetha Fältskog
35%
Suzi Quatro
31%
Rick Perry
24%
Sergei Lavrov
19%
Néstor Kirchner
8%

Score Distribution

Percentile by Number Answered

Percent of People with Each Score

Your Score History

You have not taken this quiz